[Event "April 9 Early 2024"]
[Site "Chess.com"]
[Date "2024.04.09"]
[Round "8"]
[White "Sathvik Adiga"]
[Black "Macovei, Andrei"]
[Result "1/2-1/2"]
[Board "42"]
[WhiteFideId "25745700"]
[BlackFideId "13904680"]
[WhiteTitle "FM"]
[BlackTitle "IM"]
[WhiteElo "2590"]
[BlackElo "2802"]
[WhiteTeam "IND"]
[BlackTeam "MDA"]
[WhiteClock "0:00:29"]
[BlackClock "0:00:03"]
[Variant "Standard"]

1. e4 {[%clk 0:03:00]}  c6 {[%clk 0:02:59]} 2. d4 {[%clk 0:03:00]}  d5 {[%clk 0:02:56]} 3. Nc3 {[%clk 0:03:00]}  dxe4 {[%clk 0:02:55]} 4. Nxe4 {[%clk 0:03:01]}  Nf6 {[%clk 0:02:56]} 5. Nxf6+ {[%clk 0:03:01]}  exf6 {[%clk 0:02:57]} 6. c3 {[%clk 0:03:02]}  Bd6 {[%clk 0:02:57]} 7. Bd3 {[%clk 0:03:02]}  O-O {[%clk 0:02:57]} 8. Qc2 {[%clk 0:03:02]}  Re8+ {[%clk 0:02:56]} 9. Ne2 {[%clk 0:03:03]}  h5 {[%clk 0:02:56]} 10. O-O {[%clk 0:03:03]}  Nd7 {[%clk 0:02:56]} 11. Ng3 {[%clk 0:03:01]}  Bxg3 {[%clk 0:02:50]} 12. fxg3 {[%clk 0:03:02]}  Nf8 {[%clk 0:02:49]} 13. Bf4 {[%clk 0:03:00]}  Be6 {[%clk 0:02:44]} 14. b3 {[%clk 0:02:59]}  Qd7 {[%clk 0:02:44]} 15. Rad1 {[%clk 0:02:59]}  a5 {[%clk 0:02:19]} 16. a4 {[%clk 0:02:54]}  Bg4 {[%clk 0:02:02]} 17. Rd2 {[%clk 0:02:53]}  Ne6 {[%clk 0:01:53]} 18. Be3 {[%clk 0:02:49]}  Nc7 {[%clk 0:01:49]} 19. Bf4 {[%clk 0:02:38]}  Nd5 {[%clk 0:01:48]} 20. h3 {[%clk 0:02:38]}  Be6 {[%clk 0:01:31]} 21. Rdf2 {[%clk 0:02:16]}  Nxf4 {[%clk 0:01:22]} 22. gxf4 {[%clk 0:02:14]}  Qd6 {[%clk 0:00:32]} 23. Qd1 {[%clk 0:02:11]}  h4 {[%clk 0:00:23]} 24. Qh5 {[%clk 0:02:07]}  f5 {[%clk 0:00:21]} 25. Qxh4 {[%clk 0:02:05]}  c5 {[%clk 0:00:19]} 26. Bb5 {[%clk 0:01:49]}  Red8 {[%clk 0:00:19]} 27. Rd2 {[%clk 0:01:48]}  Bxb3 {[%clk 0:00:19]} 28. d5 {[%clk 0:01:30]}  c4 {[%clk 0:00:12]} 29. Rd4 {[%clk 0:01:24]}  Qc5 {[%clk 0:00:12]} 30. Qf2 {[%clk 0:01:14]}  Rxd5 {[%clk 0:00:12]} 31. Rfd1 {[%clk 0:01:14]}  Bxd1 {[%clk 0:00:07]} 32. Qd2 {[%clk 0:00:58]}  Rxd4 {[%clk 0:00:04]} 33. cxd4 {[%clk 0:00:59]}  Qb4 {[%clk 0:00:04]} 34. Qxd1 {[%clk 0:00:58]}  c3 {[%clk 0:00:04]} 35. d5 {[%clk 0:00:56]}  Qb2 {[%clk 0:00:05]} 36. Bd3 {[%clk 0:00:54]}  Rd8 {[%clk 0:00:04]} 37. Bxf5 {[%clk 0:00:49]}  Qd2 {[%clk 0:00:05]} 38. Qh5 {[%clk 0:00:44]}  Qd4+ {[%clk 0:00:04]} 39. Kh1 {[%clk 0:00:43]}  g6 {[%clk 0:00:03]} 40. Bxg6 {[%clk 0:00:40]}  fxg6 {[%clk 0:00:03]} 41. Qxg6+ {[%clk 0:00:40]}  Qg7 {[%clk 0:00:03]} 42. Qe6+ {[%clk 0:00:39]}  Qf7 {[%clk 0:00:03]} 43. Qe5 {[%clk 0:00:30]}  c2 {[%clk 0:00:03]} 44. Qg5+ {[%clk 0:00:30]}  Kh7 {[%clk 0:00:03]} 45. Qh4+ {[%clk 0:00:30]}  Kg7 {[%clk 0:00:04]} 46. Qg5+ {[%clk 0:00:28]}  Qg6 {[%clk 0:00:04]} 47. Qe7+ {[%clk 0:00:29]}  Kh6 {[%clk 0:00:04]} 48. Qh4+ {[%clk 0:00:29]}  Kg7 {[%clk 0:00:04]} 49. Qe7+ {[%clk 0:00:29]}  Qf7 {[%clk 0:00:05]} 50. Qg5+ {[%clk 0:00:28]}  Kh7 {[%clk 0:00:05]} 51. Qh4+ {[%clk 0:00:29]}  Kg7 {[%clk 0:00:03]} 52. Qg5+ {[%clk 0:00:29]} 1/2-1/2

[Event "April 9 Early 2024"]
[Site "Chess.com"]
[Date "2024.04.09"]
[Round "8"]
[White "Marin Ferragut, Pau"]
[Black "Shirov, Alexei"]
[Result "0-1"]
[Board "44"]
[WhiteFideId "54716020"]
[BlackFideId "2209390"]
[WhiteTitle "CM"]
[BlackTitle "GM"]
[WhiteElo "2506"]
[BlackElo "2792"]
[WhiteTeam "ESP"]
[BlackTeam "ESP"]
[WhiteClock "0:00:01"]
[BlackClock "0:00:38"]
[Variant "Standard"]

1. c4 {[%clk 0:03:00]}  c6 {[%clk 0:02:56]} 2. Nf3 {[%clk 0:02:54]}  d5 {[%clk 0:02:56]} 3. e3 {[%clk 0:02:55]}  Nf6 {[%clk 0:02:56]} 4. b3 {[%clk 0:02:55]}  Bg4 {[%clk 0:02:53]} 5. Be2 {[%clk 0:02:54]}  Nbd7 {[%clk 0:02:52]} 6. Bb2 {[%clk 0:02:54]}  e6 {[%clk 0:02:51]} 7. d3 {[%clk 0:02:52]}  Bd6 {[%clk 0:02:44]} 8. Nbd2 {[%clk 0:02:44]}  Qe7 {[%clk 0:02:44]} 9. a3 {[%clk 0:02:41]}  e5 {[%clk 0:02:39]} 10. cxd5 {[%clk 0:02:40]}  cxd5 {[%clk 0:02:38]} 11. h3 {[%clk 0:02:40]}  Be6 {[%clk 0:02:31]} 12. O-O {[%clk 0:02:28]}  h6 {[%clk 0:02:29]} 13. b4 {[%clk 0:02:21]}  a5 {[%clk 0:02:26]} 14. b5 {[%clk 0:02:21]}  O-O {[%clk 0:02:25]} 15. d4 {[%clk 0:02:01]}  e4 {[%clk 0:02:23]} 16. Ne5 {[%clk 0:02:01]}  a4 {[%clk 0:02:16]} 17. Nb1 {[%clk 0:01:41]}  Bf5 {[%clk 0:02:11]} 18. Ng4 {[%clk 0:01:22]}  Nxg4 {[%clk 0:02:06]} 19. Bxg4 {[%clk 0:01:22]}  Bxg4 {[%clk 0:02:05]} 20. Qxg4 {[%clk 0:01:22]}  f5 {[%clk 0:02:05]} 21. Qe2 {[%clk 0:01:20]}  f4 {[%clk 0:02:03]} 22. exf4 {[%clk 0:01:20]}  Rxf4 {[%clk 0:02:01]} 23. Nc3 {[%clk 0:01:19]}  Nf6 {[%clk 0:01:55]} 24. Bc1 {[%clk 0:01:19]}  Rh4 {[%clk 0:01:48]} 25. g3 {[%clk 0:00:34]}  Rxh3 {[%clk 0:01:46]} 26. Nxd5 {[%clk 0:00:34]}  Nxd5 {[%clk 0:01:07]} 27. Qg4 {[%clk 0:00:34]}  Rxg3+ {[%clk 0:01:02]} 28. fxg3 {[%clk 0:00:32]}  e3 {[%clk 0:01:02]} 29. Qf3 {[%clk 0:00:13]}  Qg5 {[%clk 0:00:58]} 30. Qg2 {[%clk 0:00:06]}  Bxg3 {[%clk 0:00:53]} 31. Rf3 {[%clk 0:00:06]}  Bf2+ {[%clk 0:00:44]} 32. Kf1 {[%clk 0:00:05]}  Qh5 {[%clk 0:00:39]} 33. Ke2 {[%clk 0:00:01]}  Nf4+ {[%clk 0:00:38]} 0-1

[Event "April 9 Early 2024"]
[Site "Chess.com"]
[Date "2024.04.09"]
[Round "8"]
[White "Seo, Jung Min"]
[Black "Novik, Maxim"]
[Result "1-0"]
[Board "54"]
[WhiteFideId "1734687"]
[BlackFideId "4102924"]
[WhiteTitle "IM"]
[BlackTitle "GM"]
[WhiteElo "2863"]
[BlackElo "2603"]
[WhiteTeam "SWE"]
[BlackTeam "LTU"]
[WhiteClock "0:00:53"]
[BlackClock "0:00:00"]
[Variant "Standard"]

1. c4 {[%clk 0:03:00]}  Nf6 {[%clk 0:02:56]} 2. Nf3 {[%clk 0:03:00]}  c5 {[%clk 0:02:55]} 3. Nc3 {[%clk 0:02:59]}  e6 {[%clk 0:02:47]} 4. g3 {[%clk 0:02:56]}  d5 {[%clk 0:02:44]} 5. cxd5 {[%clk 0:02:56]}  Nxd5 {[%clk 0:02:45]} 6. Bg2 {[%clk 0:02:55]}  Be7 {[%clk 0:02:45]} 7. O-O {[%clk 0:02:55]}  O-O {[%clk 0:02:45]} 8. d4 {[%clk 0:02:53]}  Nc6 {[%clk 0:02:37]} 9. e4 {[%clk 0:02:47]}  Nxc3 {[%clk 0:02:34]} 10. bxc3 {[%clk 0:02:47]}  cxd4 {[%clk 0:02:14]} 11. cxd4 {[%clk 0:02:47]}  b6 {[%clk 0:02:11]} 12. d5 {[%clk 0:02:26]}  exd5 {[%clk 0:02:10]} 13. exd5 {[%clk 0:02:27]}  Bf6 {[%clk 0:02:10]} 14. Rb1 {[%clk 0:01:55]}  Bf5 {[%clk 0:02:08]} 15. Rb5 {[%clk 0:01:52]}  Na5 {[%clk 0:02:01]} 16. Nd4 {[%clk 0:01:50]}  Bd7 {[%clk 0:01:51]} 17. Nc6 {[%clk 0:01:21]}  Bxc6 {[%clk 0:01:34]} 18. dxc6 {[%clk 0:01:21]}  Rc8 {[%clk 0:01:33]} 19. Qd7 {[%clk 0:01:12]}  Rc7 {[%clk 0:00:29]} 20. Qxd8 {[%clk 0:01:11]}  Rxd8 {[%clk 0:00:28]} 21. Bf4 {[%clk 0:01:11]}  Rcc8 {[%clk 0:00:28]} 22. c7 {[%clk 0:01:11]}  Rd7 {[%clk 0:00:26]} 23. Rc1 {[%clk 0:00:53]}  g5 {[%clk 0:00:00]} 24. Bh3 {[%clk 0:00:53]} 1-0

[Event "April 9 Early 2024"]
[Site "Chess.com"]
[Date "2024.04.09"]
[Round "8"]
[White "Fier, Alexandr"]
[Black "Martin Fuentes, Alberto"]
[Result "1-0"]
[Board "55"]
[WhiteFideId "2107139"]
[BlackFideId "2292289"]
[WhiteTitle "GM"]
[BlackTitle "FM"]
[WhiteElo "2859"]
[BlackElo "2624"]
[WhiteTeam "BRA"]
[BlackTeam "ESP"]
[WhiteClock "0:01:20"]
[BlackClock "0:00:10"]
[Variant "Standard"]

1. e4 {[%clk 0:03:00]}  e6 {[%clk 0:02:51]} 2. Nf3 {[%clk 0:02:59]}  d5 {[%clk 0:02:52]} 3. e5 {[%clk 0:03:00]}  c5 {[%clk 0:02:51]} 4. b4 {[%clk 0:03:00]}  b6 {[%clk 0:02:50]} 5. c3 {[%clk 0:03:00]}  Ne7 {[%clk 0:02:47]} 6. bxc5 {[%clk 0:02:59]}  bxc5 {[%clk 0:02:47]} 7. d4 {[%clk 0:03:00]}  Ng6 {[%clk 0:02:40]} 8. Bb5+ {[%clk 0:02:59]}  Bd7 {[%clk 0:02:40]} 9. Bd3 {[%clk 0:03:00]}  Be7 {[%clk 0:02:38]} 10. h4 {[%clk 0:02:59]}  Nxh4 {[%clk 0:02:34]} 11. Nxh4 {[%clk 0:02:59]}  Bxh4 {[%clk 0:02:34]} 12. Qg4 {[%clk 0:03:00]}  Be7 {[%clk 0:02:11]} 13. Qxg7 {[%clk 0:03:00]}  Rf8 {[%clk 0:02:11]} 14. Rxh7 {[%clk 0:03:00]}  cxd4 {[%clk 0:02:11]} 15. Bh6 {[%clk 0:03:00]}  Qb6 {[%clk 0:01:59]} 16. Bg6 {[%clk 0:03:00]}  Nc6 {[%clk 0:01:46]} 17. Bxf7+ {[%clk 0:03:00]}  Kd8 {[%clk 0:01:46]} 18. Qg3 {[%clk 0:03:00]}  Qb2 {[%clk 0:01:40]} 19. Bg6 {[%clk 0:02:44]}  Rg8 {[%clk 0:01:18]} 20. cxd4 {[%clk 0:02:17]}  Qxa1 {[%clk 0:01:16]} 21. Be3 {[%clk 0:02:06]}  Qxb1+ {[%clk 0:01:13]} 22. Bxb1 {[%clk 0:02:06]}  Rxg3 {[%clk 0:01:14]} 23. fxg3 {[%clk 0:02:06]}  Kc7 {[%clk 0:01:12]} 24. g4 {[%clk 0:02:06]}  Rg8 {[%clk 0:01:10]} 25. Kf2 {[%clk 0:02:01]}  Rxg4 {[%clk 0:01:09]} 26. Kf3 {[%clk 0:02:02]}  Rg8 {[%clk 0:01:08]} 27. g4 {[%clk 0:02:02]}  Bg5 {[%clk 0:01:05]} 28. Bf2 {[%clk 0:02:03]}  Kd8 {[%clk 0:01:01]} 29. Bd3 {[%clk 0:02:02]}  Nb4 {[%clk 0:01:00]} 30. Bb1 {[%clk 0:02:01]}  Na6 {[%clk 0:00:50]} 31. Bd3 {[%clk 0:02:01]}  Nc7 {[%clk 0:00:49]} 32. Be1 {[%clk 0:02:01]}  Rf8+ {[%clk 0:00:42]} 33. Ke2 {[%clk 0:01:59]}  Nb5 {[%clk 0:00:35]} 34. Ba5+ {[%clk 0:01:57]}  Kc8 {[%clk 0:00:35]} 35. Rg7 {[%clk 0:01:46]}  Nxd4+ {[%clk 0:00:34]} 36. Kd1 {[%clk 0:01:47]}  Bf4 {[%clk 0:00:31]} 37. Ba6+ {[%clk 0:01:44]}  Kb8 {[%clk 0:00:31]} 38. Rxd7 {[%clk 0:01:44]}  Bxe5 {[%clk 0:00:28]} 39. g5 {[%clk 0:01:41]}  Rg8 {[%clk 0:00:27]} 40. g6 {[%clk 0:01:41]}  Nc6 {[%clk 0:00:27]} 41. Bd2 {[%clk 0:01:27]}  Rxg6 {[%clk 0:00:27]} 42. Rb7+ {[%clk 0:01:26]}  Ka8 {[%clk 0:00:26]} 43. Rh7 {[%clk 0:01:26]}  Nd8 {[%clk 0:00:15]} 44. Re7 {[%clk 0:01:21]}  Kb8 {[%clk 0:00:12]} 45. Ba5 {[%clk 0:01:21]}  Bc7 {[%clk 0:00:10]} 46. Bxc7+ {[%clk 0:01:20]} 1-0

[Event "April 9 Early 2024"]
[Site "Chess.com"]
[Date "2024.04.09"]
[Round "8"]
[White "Bartel, Mateusz"]
[Black "Carbone, Diego"]
[Result "1-0"]
[Board "56"]
[WhiteFideId "1112635"]
[BlackFideId "3002179"]
[WhiteTitle "GM"]
[BlackTitle "FM"]
[WhiteElo "2819"]
[BlackElo "2597"]
[WhiteTeam "POL"]
[BlackTeam "URU"]
[WhiteClock "0:00:47"]
[BlackClock "0:00:01"]
[Variant "Standard"]

1. Nf3 {[%clk 0:03:00]}  Nf6 {[%clk 0:02:56]} 2. c4 {[%clk 0:03:00]}  e6 {[%clk 0:02:56]} 3. e3 {[%clk 0:02:54]}  d5 {[%clk 0:02:53]} 4. b3 {[%clk 0:02:55]}  c5 {[%clk 0:02:49]} 5. Bb2 {[%clk 0:02:54]}  Nc6 {[%clk 0:02:48]} 6. cxd5 {[%clk 0:02:47]}  exd5 {[%clk 0:02:49]} 7. Bb5 {[%clk 0:02:47]}  Bd6 {[%clk 0:02:49]} 8. Nc3 {[%clk 0:02:42]}  O-O {[%clk 0:02:42]} 9. O-O {[%clk 0:02:35]}  Bg4 {[%clk 0:02:21]} 10. Bxc6 {[%clk 0:02:32]}  bxc6 {[%clk 0:02:20]} 11. h3 {[%clk 0:02:33]}  Bh5 {[%clk 0:02:10]} 12. Na4 {[%clk 0:02:30]}  Rb8 {[%clk 0:02:00]} 13. d3 {[%clk 0:02:27]}  c4 {[%clk 0:01:36]} 14. dxc4 {[%clk 0:02:02]}  dxc4 {[%clk 0:01:35]} 15. bxc4 {[%clk 0:02:01]}  Qe7 {[%clk 0:00:46]} 16. Bxf6 {[%clk 0:01:41]}  Qxf6 {[%clk 0:00:40]} 17. Qd4 {[%clk 0:01:41]}  Qxd4 {[%clk 0:00:18]} 18. Nxd4 {[%clk 0:01:38]}  Rb4 {[%clk 0:00:18]} 19. Nc3 {[%clk 0:01:25]}  Rxc4 {[%clk 0:00:15]} 20. Ne4 {[%clk 0:01:26]}  Be5 {[%clk 0:00:12]} 21. Rac1 {[%clk 0:01:26]}  Rxc1 {[%clk 0:00:09]} 22. Rxc1 {[%clk 0:01:26]}  Bxd4 {[%clk 0:00:07]} 23. exd4 {[%clk 0:01:25]}  Rd8 {[%clk 0:00:07]} 24. Rxc6 {[%clk 0:01:23]}  Bg6 {[%clk 0:00:04]} 25. Nc3 {[%clk 0:01:08]}  h6 {[%clk 0:00:04]} 26. d5 {[%clk 0:01:08]}  Bf5 {[%clk 0:00:03]} 27. f3 {[%clk 0:01:07]}  Kf8 {[%clk 0:00:03]} 28. Kf2 {[%clk 0:01:07]}  Ke7 {[%clk 0:00:04]} 29. Ke3 {[%clk 0:01:07]}  Rc8 {[%clk 0:00:03]} 30. Rxc8 {[%clk 0:01:06]}  Bxc8 {[%clk 0:00:03]} 31. Kd4 {[%clk 0:01:06]}  Ba6 {[%clk 0:00:02]} 32. g3 {[%clk 0:01:03]}  g5 {[%clk 0:00:01]} 33. h4 {[%clk 0:01:01]}  gxh4 {[%clk 0:00:02]} 34. gxh4 {[%clk 0:01:02]}  Kf6 {[%clk 0:00:02]} 35. Ne4+ {[%clk 0:00:54]}  Ke7 {[%clk 0:00:02]} 36. Ke5 {[%clk 0:00:53]}  Be2 {[%clk 0:00:02]} 37. f4 {[%clk 0:00:53]}  Bc4 {[%clk 0:00:02]} 38. a3 {[%clk 0:00:53]}  Bb3 {[%clk 0:00:03]} 39. Nf6 {[%clk 0:00:51]}  Bc2 {[%clk 0:00:03]} 40. d6+ {[%clk 0:00:51]}  Kd8 {[%clk 0:00:03]} 41. Ng8 {[%clk 0:00:51]}  h5 {[%clk 0:00:03]} 42. Nf6 {[%clk 0:00:51]}  Bb3 {[%clk 0:00:02]} 43. Nxh5 {[%clk 0:00:50]}  Kd7 {[%clk 0:00:02]} 44. Nf6+ {[%clk 0:00:50]}  Kd8 {[%clk 0:00:02]} 45. h5 {[%clk 0:00:51]}  Bc2 {[%clk 0:00:02]} 46. h6 {[%clk 0:00:52]}  Bd3 {[%clk 0:00:01]} 47. f5 {[%clk 0:00:52]}  Bc2 {[%clk 0:00:01]} 48. h7 {[%clk 0:00:52]}  Bxf5 {[%clk 0:00:01]} 49. h8=Q# {[%clk 0:00:47]} 1-0

[Event "April 9 Early 2024"]
[Site "Chess.com"]
[Date "2024.04.09"]
[Round "8"]
[White "Rustamov, Rustam"]
[Black "Bilan, Danila"]
[Result "1-0"]
[Board "57"]
[WhiteFideId "13440110"]
[BlackFideId "24161918"]
[WhiteTitle "FM"]
[BlackTitle "FM"]
[WhiteElo "2817"]
[BlackElo "2586"]
[WhiteTeam "AZE"]
[BlackTeam "RUS"]
[WhiteClock "0:02:04"]
[BlackClock "0:00:04"]
[Variant "Standard"]

1. e4 {[%clk 0:03:00]}  c5 {[%clk 0:02:57]} 2. Nf3 {[%clk 0:02:59]}  a6 {[%clk 0:02:57]} 3. c3 {[%clk 0:02:58]}  d5 {[%clk 0:02:50]} 4. exd5 {[%clk 0:02:57]}  Qxd5 {[%clk 0:02:50]} 5. d4 {[%clk 0:02:57]}  cxd4 {[%clk 0:02:48]} 6. cxd4 {[%clk 0:02:58]}  Nc6 {[%clk 0:02:48]} 7. Nc3 {[%clk 0:02:59]}  Qd8 {[%clk 0:02:46]} 8. d5 {[%clk 0:02:59]}  Nb8 {[%clk 0:02:39]} 9. Bc4 {[%clk 0:02:58]}  b5 {[%clk 0:02:36]} 10. Bb3 {[%clk 0:02:58]}  Nf6 {[%clk 0:02:35]} 11. O-O {[%clk 0:02:57]}  Nbd7 {[%clk 0:02:29]} 12. a3 {[%clk 0:02:48]}  Nb6 {[%clk 0:02:12]} 13. Re1 {[%clk 0:02:47]}  Bb7 {[%clk 0:02:10]} 14. d6 {[%clk 0:02:19]}  e6 {[%clk 0:02:02]} 15. Bf4 {[%clk 0:02:16]}  Rc8 {[%clk 0:00:51]} 16. Bxe6 {[%clk 0:02:08]}  fxe6 {[%clk 0:00:48]} 17. Ng5 {[%clk 0:02:09]}  h6 {[%clk 0:00:20]} 18. Nxe6 {[%clk 0:02:08]}  Kf7 {[%clk 0:00:13]} 19. Nxd8+ {[%clk 0:02:07]}  Rxd8 {[%clk 0:00:14]} 20. Qb3+ {[%clk 0:02:08]}  Nc4 {[%clk 0:00:12]} 21. a4 {[%clk 0:02:05]}  Bxd6 {[%clk 0:00:06]} 22. Bxd6 {[%clk 0:02:03]}  Rxd6 {[%clk 0:00:06]} 23. axb5 {[%clk 0:02:04]}  axb5 {[%clk 0:00:04]} 24. Nxb5 {[%clk 0:02:04]} 1-0

[Event "April 9 Early 2024"]
[Site "Chess.com"]
[Date "2024.04.09"]
[Round "8"]
[White "Pinero Rodriguez, Carlos Jose"]
[Black "Badacsonyi, Stanley"]
[Result "1-0"]
[Board "60"]
[WhiteFideId "3901726"]
[BlackFideId "486973"]
[WhiteTitle "IM"]
[BlackTitle "CM"]
[WhiteElo "2778"]
[BlackElo "2577"]
[WhiteTeam "VEN"]
[BlackTeam "ENG"]
[WhiteClock "0:00:10"]
[BlackClock "0:01:16"]
[Variant "Standard"]

1. e4 {[%clk 0:03:00]}  e6 {[%clk 0:03:00]} 2. d4 {[%clk 0:03:00]}  d5 {[%clk 0:03:00]} 3. e5 {[%clk 0:03:00]}  c5 {[%clk 0:03:00]} 4. c3 {[%clk 0:03:00]}  Nc6 {[%clk 0:03:00]} 5. Nf3 {[%clk 0:03:00]}  Bd7 {[%clk 0:03:01]} 6. a3 {[%clk 0:03:01]}  cxd4 {[%clk 0:02:37]} 7. cxd4 {[%clk 0:03:00]}  f6 {[%clk 0:02:38]} 8. Bd3 {[%clk 0:02:58]}  Qb6 {[%clk 0:02:33]} 9. O-O {[%clk 0:02:45]}  Be7 {[%clk 0:02:29]} 10. Nc3 {[%clk 0:02:42]}  O-O-O {[%clk 0:02:28]} 11. Na4 {[%clk 0:02:40]}  Qc7 {[%clk 0:02:24]} 12. b4 {[%clk 0:02:40]}  fxe5 {[%clk 0:02:21]} 13. dxe5 {[%clk 0:02:39]}  Nxe5 {[%clk 0:02:20]} 14. Nxe5 {[%clk 0:02:38]}  Qxe5 {[%clk 0:02:21]} 15. Bb2 {[%clk 0:02:34]}  Qg5 {[%clk 0:02:16]} 16. f4 {[%clk 0:02:10]}  Qh6 {[%clk 0:02:13]} 17. Be5 {[%clk 0:02:10]}  Rf8 {[%clk 0:02:03]} 18. Qc1+ {[%clk 0:01:50]}  Kd8 {[%clk 0:02:01]} 19. Qc7+ {[%clk 0:01:51]}  Ke8 {[%clk 0:02:00]} 20. Nc5 {[%clk 0:01:32]}  Bc6 {[%clk 0:01:57]} 21. Rae1 {[%clk 0:01:16]}  Nf6 {[%clk 0:01:48]} 22. Nxe6 {[%clk 0:01:09]}  Ng4 {[%clk 0:01:46]} 23. Nxg7+ {[%clk 0:00:53]}  Kf7 {[%clk 0:01:43]} 24. h3 {[%clk 0:00:53]}  Nxe5 {[%clk 0:01:42]} 25. fxe5+ {[%clk 0:00:50]}  Kg8 {[%clk 0:01:35]} 26. Qxe7 {[%clk 0:00:36]}  Qxg7 {[%clk 0:01:34]} 27. Qe6+ {[%clk 0:00:37]}  Rf7 {[%clk 0:01:32]} 28. Rf6 {[%clk 0:00:24]}  d4 {[%clk 0:01:27]} 29. g4 {[%clk 0:00:22]}  Bd7 {[%clk 0:01:25]} 30. Qd5 {[%clk 0:00:18]}  Bxg4 {[%clk 0:01:24]} 31. hxg4 {[%clk 0:00:15]}  Qxg4+ {[%clk 0:01:24]} 32. Kf2 {[%clk 0:00:13]}  Qh4+ {[%clk 0:01:22]} 33. Ke2 {[%clk 0:00:13]}  Qg4+ {[%clk 0:01:21]} 34. Kd2 {[%clk 0:00:11]}  Qg2+ {[%clk 0:01:16]} 35. Qxg2+ {[%clk 0:00:10]} 1-0

[Event "April 9 Early 2024"]
[Site "Chess.com"]
[Date "2024.04.09"]
[Round "8"]
[White "Jaskolka, Tomasz"]
[Black "Postny, Evgeny"]
[Result "0-1"]
[Board "61"]
[WhiteFideId "1170791"]
[BlackFideId "2804344"]
[WhiteTitle "CM"]
[BlackTitle "GM"]
[WhiteElo "2577"]
[BlackElo "2761"]
[WhiteTeam "POL"]
[BlackTeam "ISR"]
[WhiteClock "0:00:05"]
[BlackClock "0:00:09"]
[Variant "Standard"]

1. e4 {[%clk 0:02:54]}  c5 {[%clk 0:02:57]} 2. Nf3 {[%clk 0:02:54]}  Nc6 {[%clk 0:02:56]} 3. b4 {[%clk 0:02:51]}  cxb4 {[%clk 0:02:55]} 4. d4 {[%clk 0:02:51]}  d6 {[%clk 0:02:55]} 5. a3 {[%clk 0:02:48]}  bxa3 {[%clk 0:02:50]} 6. Nxa3 {[%clk 0:02:48]}  Nf6 {[%clk 0:02:50]} 7. Bd3 {[%clk 0:02:48]}  e6 {[%clk 0:02:50]} 8. c3 {[%clk 0:02:46]}  Be7 {[%clk 0:02:50]} 9. Nc2 {[%clk 0:02:47]}  e5 {[%clk 0:02:49]} 10. d5 {[%clk 0:02:45]}  Nb8 {[%clk 0:02:48]} 11. O-O {[%clk 0:02:44]}  O-O {[%clk 0:02:45]} 12. Ne3 {[%clk 0:02:42]}  Nbd7 {[%clk 0:02:42]} 13. Ba3 {[%clk 0:02:40]}  b6 {[%clk 0:02:41]} 14. Nc4 {[%clk 0:02:37]}  Qc7 {[%clk 0:02:37]} 15. Qe2 {[%clk 0:02:30]}  Re8 {[%clk 0:02:33]} 16. Rfd1 {[%clk 0:02:26]}  b5 {[%clk 0:02:26]} 17. Ncxe5 {[%clk 0:02:07]}  dxe5 {[%clk 0:02:12]} 18. Bxe7 {[%clk 0:01:50]}  Rxe7 {[%clk 0:02:13]} 19. Bxb5 {[%clk 0:01:45]}  Ne8 {[%clk 0:01:57]} 20. Bc6 {[%clk 0:01:39]}  Rb8 {[%clk 0:01:56]} 21. c4 {[%clk 0:01:39]}  Nd6 {[%clk 0:01:46]} 22. Rdc1 {[%clk 0:01:27]}  Nc5 {[%clk 0:01:44]} 23. Qe3 {[%clk 0:01:15]}  Nb3 {[%clk 0:00:47]} 24. c5 {[%clk 0:01:13]}  Nxc1 {[%clk 0:00:42]} 25. cxd6 {[%clk 0:00:37]}  Qxd6 {[%clk 0:00:43]} 26. Rxc1 {[%clk 0:00:36]}  Bd7 {[%clk 0:00:43]} 27. Qxa7 {[%clk 0:00:29]}  Bxc6 {[%clk 0:00:40]} 28. Qa6 {[%clk 0:00:29]}  Rc7 {[%clk 0:00:30]} 29. h3 {[%clk 0:00:20]}  Rbc8 {[%clk 0:00:26]} 30. dxc6 {[%clk 0:00:19]}  h6 {[%clk 0:00:24]} 31. Qb5 {[%clk 0:00:16]}  Rxc6 {[%clk 0:00:20]} 32. Rxc6 {[%clk 0:00:16]}  Rxc6 {[%clk 0:00:21]} 33. Qxe5 {[%clk 0:00:09]}  Qxe5 {[%clk 0:00:15]} 34. Nxe5 {[%clk 0:00:10]}  Re6 {[%clk 0:00:15]} 35. Nf3 {[%clk 0:00:08]}  Rxe4 {[%clk 0:00:15]} 36. g3 {[%clk 0:00:09]}  f6 {[%clk 0:00:13]} 37. Kg2 {[%clk 0:00:09]}  Kf7 {[%clk 0:00:14]} 38. Nd2 {[%clk 0:00:09]}  Ra4 {[%clk 0:00:13]} 39. Nf3 {[%clk 0:00:10]}  Ke6 {[%clk 0:00:13]} 40. Nd2 {[%clk 0:00:09]}  h5 {[%clk 0:00:13]} 41. h4 {[%clk 0:00:10]}  Kf5 {[%clk 0:00:12]} 42. Nf3 {[%clk 0:00:09]}  Ra3 {[%clk 0:00:12]} 43. Nd4+ {[%clk 0:00:09]}  Ke4 {[%clk 0:00:12]} 44. Ne6 {[%clk 0:00:09]}  Ra7 {[%clk 0:00:12]} 45. Nf4 {[%clk 0:00:07]}  Ra5 {[%clk 0:00:11]} 46. Ne6 {[%clk 0:00:07]}  g6 {[%clk 0:00:10]} 47. Nf4 {[%clk 0:00:07]}  Kf5 {[%clk 0:00:10]} 48. Ne2 {[%clk 0:00:05]}  Ra4 {[%clk 0:00:10]} 49. Ng1 {[%clk 0:00:04]}  Ke4 {[%clk 0:00:09]} 50. Ne2 {[%clk 0:00:04]}  Ke5 {[%clk 0:00:07]} 51. Nc3 {[%clk 0:00:04]}  Ra3 {[%clk 0:00:07]} 52. Ne2 {[%clk 0:00:03]}  Ra4 {[%clk 0:00:05]} 53. Nc3 {[%clk 0:00:03]}  Rc4 {[%clk 0:00:06]} 54. Ne2 {[%clk 0:00:04]}  g5 {[%clk 0:00:06]} 55. hxg5 {[%clk 0:00:04]}  fxg5 {[%clk 0:00:07]} 56. f4+ {[%clk 0:00:03]}  Kf5 {[%clk 0:00:07]} 57. fxg5 {[%clk 0:00:03]}  Kxg5 {[%clk 0:00:08]} 58. Nf4 {[%clk 0:00:04]}  Kg4 {[%clk 0:00:07]} 59. Ne2 {[%clk 0:00:03]}  Rc2 {[%clk 0:00:07]} 60. Kf2 {[%clk 0:00:03]}  Ra2 {[%clk 0:00:07]} 61. Kf1 {[%clk 0:00:03]}  Kf3 {[%clk 0:00:07]} 62. Nd4+ {[%clk 0:00:02]}  Kxg3 {[%clk 0:00:07]} 63. Nf5+ {[%clk 0:00:03]}  Kg4 {[%clk 0:00:07]} 64. Ne3+ {[%clk 0:00:03]}  Kf3 {[%clk 0:00:08]} 65. Nd1 {[%clk 0:00:02]}  Ra1 {[%clk 0:00:08]} 66. Ke1 {[%clk 0:00:02]}  h4 {[%clk 0:00:08]} 67. Kd2 {[%clk 0:00:02]}  Rxd1+ {[%clk 0:00:08]} 68. Kxd1 {[%clk 0:00:03]}  h3 {[%clk 0:00:08]} 69. Ke1 {[%clk 0:00:04]}  h2 {[%clk 0:00:08]} 70. Kf1 {[%clk 0:00:05]}  h1=Q# {[%clk 0:00:09]} 0-1